000 00906nam a22002897a 4500
001 BR0806271
003 BR-BrBNA
005 20230928102740.0
007 ta
008 230509b bl.||||| |||| 00| 0 por d
040 _aBR-BrBNA
_bpor
_cBiblioteca Nacional de Agricultura
041 _a(Por)
072 _aL02; Q54
_b5300
_b8954
090 _ 5300 BR0806271
100 1 _aChiaradia, R.C.F.
110 1 _aUniversidade Federal de Lavras, MG (Brasil)
_0Tese (Mestrado)
245 1 _aNíveis de lisina e energia em rações formuladas com baixo teor de proteína bruta para suínos em crescimento
260 3 _aLavras, MG (Brasil):
_c2008.
300 _a85 p.
500 _aSummaries (Eng, Por); Several bibliography; 29 tables; 8 illus.
650 _aSUÍNO
650 _aRAÇÃO
650 _aPROTEÍNA BRUTA
650 _aCRESCIMENTO
909 _a202309
_bLucia
_c55
_dLucia Elande
942 _cBK
999 _c72306
_d72306